| 000 | 00482nam a22001817a 4500 | ||
|---|---|---|---|
| 003 | MPLRDC | ||
| 005 | 20220104142843.0 | ||
| 008 | 210129b ||||| |||| 00| 0 eng d | ||
| 020 | _a957-9027-14-5 | ||
| 082 | _a496.5 BSS-2 | ||
| 100 | _a板上肇 | ||
| 245 |
_a提高销售68铁则 _c允晨编译组译 |
||
| 260 |
_a _b允晨文化实业股份有限公司 _c1990 |
||
| 300 | _b平 | ||
| 490 | _a企业人. 27 | ||
| 650 | _a推销策略; 贩卖术 | ||
| 942 |
_cBK _o496.5 BSS-2 |
||
| 999 |
_c34244 _d34234 |
||